000 00569nam a22001697a 4500
005 20231031062713.0
008 231031b |||||||| |||| 00| 0 eng d
020 _a0851460613
041 _aEnglish
082 _a347.6 GRE
100 _aGreaves, A and Pickover, D
_lEnglish
245 _aThe Laws of Evidence :
_ba guide for the practitioner /
_cA Greaves and D Pickover
260 _aLondon :
_bPolice Review Publishing Company Ltd,
_c1993
300 _bix, 161 pages ;
_c19,5 cm
650 _alegal practice
_bLaw
942 _cBK
_6ALISON_BN_VRIES
999 _c156
_d156